Nghiên cứu công nghệ Flex, ứng dụng xây dựng phần mềm quản lý trắc nghiệm cho khoa CNTT trường ĐH TDM

Đề tài Khoa học và công nghệ cấp trường; Trình bày: Tổng quan về FLEX, MXML,ACTIONSCRIPT; Giao diện người dùng; Truy cập và kết nối dữ liệu; Ứng dụng xâu dựng Wedsite phần mềm.

שמור ב:
מידע ביבליוגרפי
מחבר ראשי: Bùi, Sỹ Vương
מחברים אחרים: Trường Đại học Thủ Dầu Một
פורמט: ספר
שפה:Undetermined
יצא לאור: Bình Dương 2013
נושאים:
גישה מקוונת:http://lrc.tdmu.edu.vn/opac/search/detail.asp?aID=2&ID=39764
תגים: הוספת תג
אין תגיות, היה/י הראשונ/ה לתייג את הרשומה!
Thư viện lưu trữ: Trung tâm Học liệu Trường Đại học Thủ Dầu Một
LEADER 01075nam a2200193Ia 4500
001 TDMU_39764
008 210410s9999 xx 000 0 und d
082 |a 658.500285 
100 |a Bùi, Sỹ Vương 
245 0 |a Nghiên cứu công nghệ Flex, ứng dụng xây dựng phần mềm quản lý trắc nghiệm cho khoa CNTT trường ĐH TDM 
245 0 |c Bùi Sỹ Vương 
260 |a Bình Dương 
260 |c 2013 
300 |a 93tr 
520 |a Đề tài Khoa học và công nghệ cấp trường; Trình bày: Tổng quan về FLEX, MXML,ACTIONSCRIPT; Giao diện người dùng; Truy cập và kết nối dữ liệu; Ứng dụng xâu dựng Wedsite phần mềm. 
650 |a Tin học  |x Công nghệ Flex; Tin học  |x Phần mềm quản lý trắc nghiệm 
700 |a Trường Đại học Thủ Dầu Một 
856 |u http://lrc.tdmu.edu.vn/opac/search/detail.asp?aID=2&ID=39764 
980 |a Trung tâm Học liệu Trường Đại học Thủ Dầu Một